Phenazine-1-carboxylic acid mediated anti-oomycete activity of the endophytic Alcaligenes sp.EIL-2 against Phytophthora meadii (Record no. 64865)

MARC details
000 -LEADER
fixed length control field 00766nam a2200265Ia 4500
100 ## - MAIN ENTRY--AUTHOR NAME
Personal name Abraham A
245 #0 - TITLE STATEMENT
Title Phenazine-1-carboxylic acid mediated anti-oomycete activity of the endophytic Alcaligenes sp.EIL-2 against Phytophthora meadii
260 ## - PUBLICATION, DISTRIBUTION, ETC. (IMPRINT)
Name of publisher Microbiological Research
Year of publication 2015
300 ## - PHYSICAL DESCRIPTION
Number of Pages 229-234
500 ## - GENERAL NOTE
General note Source Year: 2015
650 ## - SUBJECT ADDED ENTRY--TOPICAL TERM
Topical Term Alcaligenes sp
650 ## - SUBJECT ADDED ENTRY--TOPICAL TERM
Topical Term EIL-2
650 ## - SUBJECT ADDED ENTRY--TOPICAL TERM
Topical Term Endophyte
650 ## - SUBJECT ADDED ENTRY--TOPICAL TERM
Topical Term Hevea brasiliensis
650 ## - SUBJECT ADDED ENTRY--TOPICAL TERM
Topical Term Phenazine-1-carboxylic acid
650 ## - SUBJECT ADDED ENTRY--TOPICAL TERM
Topical Term Phytophthora meadii
700 ## - ADDED ENTRY--PERSONAL NAME
Personal name Jacob C K
700 ## - ADDED ENTRY--PERSONAL NAME
Personal name Jacob M K
700 ## - ADDED ENTRY--PERSONAL NAME
Personal name Kochupurackal J
700 ## - ADDED ENTRY--PERSONAL NAME
Personal name Narayanan S P
700 ## - ADDED ENTRY--PERSONAL NAME
Personal name Philip S
856 ## - ELECTRONIC LOCATION AND ACCESS
Uniform Resource Identifier Copy of article
942 ## - ADDED ENTRY ELEMENTS (KOHA)
Koha item type Journals
Holdings
Withdrawn status Lost status Damaged status Not for loan Home library Current library Shelving location Date acquired Serial Enumeration / chronology Koha item type
      Journals RRII Library RRII Library Pathology 01/01/2021 Volume 170, Issue .. Journals